Restaurants - Statistics

General Stats
  • This quiz has been taken 21 times
  • The average score is 9 of 100
Answer Stats
Hint Answer % Correct
13. Mcdonalds
89%
65. Subway
61%
80. Olive Garden
56%
3. Outback
44%
29. Taco Bell
44%
100. Arbys
33%
79. Chick-fil-a
33%
98. Panera
33%
4. Red Robin
33%
32. Chipotle
28%
99. Cracker Barrel
28%
26. Dennys
28%
58. Five Guys
28%
45. Pizza Hut
28%
92. Texas Roadhouse
28%
15. Buffalo Wild Wings
22%
62. Dunkin Donuts
22%
76. Little Caesars
22%
37. Panda Express
22%
1. Red Lobster
22%
8. Applebees
17%
81. Carrabbas
17%
75. Papa Johns
17%
7. TGI Fridays
17%
87. Auntie Annes
11%
18. Dominoes
11%
56. Maggiano's
11%
84. P.F. Changs
11%
47. Ruby Tuesdays
11%
64. 711
6%
9. Bob Evans
6%
89. Boston Market
6%
69. Chuck E. Cheese
6%
52. DQ
6%
22. Friendly's
6%
54. Golden Corral
6%
16. Royal Farms
6%
61. Wawa
6%
12. Bella Mia
0%
53. Billys Subs
0%
97. Bon fresco
0%
57. Burger Joint
0%
25. Cafe Bagel
0%
78. Chef Paulinos
0%
35. China Village
0%
91. Cindys
0%
86. Cinnabon
0%
14. Coal Fire
0%
95. Cold Stone
0%
70. Dave and Busters
0%
73. Double T Diner
0%
27. Dough Roller
0%
33. East Moon
0%
38. Ernestos
0%
41. Facci
0%
2. Famous Daves
0%
55. Fishermans
0%
63. Fractured Prune
0%
40. Friendly Farms
0%
74. Glory Days
0%
23. GL Shacks
0%
82. Good Guys
0%
48. Grab and Go Tacos
0%
17. Green Turtle
0%
50. Grilled Cheese and Company
0%
36. Hunan Express
0%
10. Iron Age
0%
83. Joey Chius
0%
71. Klondike Kates
0%
51. La Palapa
0%
96. Ledos
0%
77. Leelyn's
0%
20. Lennys
0%
24. Little Phoenix
0%
59. Mission BBQ
0%
28. Nicks
0%
46. Noodles N Company
0%
39. On The Border
0%
90. Opies
0%
94. Pappas
0%
5. Pazani
0%
34. Peace A Pizza
0%
93. Raising Canes
0%
67. Region Ale
0%
68. Ropewalk
0%
31. Ruby Thai
0%
11. Ruth Chris
0%
19. Sabatinos
0%
42. Sakura
0%
43. Sarku Japan
0%
21. Ships
0%
44. Stella Note
0%
6. Sushi Q
0%
88. Sweet Frog
0%
85. The Walrus
0%
72. Thrashers
0%
66. Tutti Fruity
0%
49. Umi Sushi
0%
60. Unos
0%
30. Urban Hot Pot
0%
No matching quizzes found
Score Distribution
Percent of People with Each Score
Percentile by Number Answered
Your Score History
You have not taken this quiz